| 000 | 00478cam a2200193ua 4500 | ||
|---|---|---|---|
| 020 | _c5.00 | ||
| 041 |
_aeng _h |
||
| 082 |
_a637.1 _bPAN/CO |
||
| 100 | _aPanse, V G . | ||
| 245 |
_aCost of milk production / _cV G Panse. _hTextual Documents |
||
| 250 |
_a1 / _b. |
||
| 260 |
_aNew Delhi : _bIndian Council for Agricultural Research , _c1961. |
||
| 300 | _a121 ; . | ||
| 365 | _a5.00 | ||
| 504 | _a | ||
| 700 | 1 | _aAmble, V N . | |
| 942 | _cBK | ||
| 999 |
_c7274 _d7274 |
||